LEADER 00793nam0 2200265 450 001 9911047129403321 005 20251217110753.0 010 $a9791281851160 100 $a20251217d2025----km y0itay50 ba 101 0 $aita 102 $aIT 105 $ay 001yy 200 1 $aCodice civile, Codice penale, Codice amministrativo$eaggiornamento 2025$fMaurizio Santise, Fabio Zunica 210 $aTorino$cMerita$d2025 215 $aX, 706 p.$d21 cm 676 $a348.45023$v23$zita 702 1$aSantise,$bMaurizio 702 1$aZunica,$bFabio 801 0$aIT$bUNINA$gREICAT$2UNIMARC 901 $aBK 912 $a9911047129403321 952 $aVIII Z 445 (AGG.)$b2025/1818$fFGBC 959 $aFGBC 996 $aCodice civile, Codice penale, Codice amministrativo$94466959 997 $aUNINA